00694nam a2200193Ia 4500001002400000003000900024008004100033040002300074041001300097100001800110240006500128245007300193250001500266260003100281300001900312490001400331501012400345700003100469232.5-PES ru ve (18081)IT-MiSPE171229s9999||||xx |||||||||||||| ||und|| aIT-MiSPEcIT-MiSPE aITALIANO aRudolf Pesch  aZwischen Karfreitag und Ostern: Die Umkehr der Jünger Jesu 0aTra Venerdì santo e PasquabLa conversione dei discepoli di Gesù a1a ed. (v) aBresciabMorcellianac1993 a126 p. c19 cm aPellicano aEdizioni San Paolo srl - Piazza Soncino, 5 - 20092 CINISELLO BALSAMO (MI) (non commercial uses only) ® Copyright 2018 aSilvia Fainig(traduzione)